000 01175nam a22003377a 4500
003 CHAP
005 20220329133423.0
008 971013s1992 r 00010 d
010 _a6175
011 _a7147
035 _a6370
040 _cCHAP
090 _aTesis
100 0 0 _aLópez Bustamante, Patricio.
_967723
245 _aEfecto de la fertilización nitrogenada en naranja (Citrus sinensis L. cv. valencia tardía) en el ejido de Lemontitla municipio de Huejutla, Hidalgo
260 _aChapingo, Méx. :
_bEl autor,
_c1992
300 _a45 h.
_b; gráfs.
500 _a61-66
502 _aTesis (Ing. Agr. Esp. en Fitotecnia) -- UACH. Departamento de Fitotecnia
590 _aALEPH
_b10
_c20130110
_lUCH01
_h1217
590 _aBATCH-UPD
_b10
_c20130110
_lUCH01
_h0227
590 _aBATCH-UPD
_b10
_c20130110
_lUCH01
_h2057
590 _aBATCH-UPD
_b10
_c20130409
_lUCH01
_h2249
590 _aBATCH-UPD
_b10
_c20130914
_lUCH01
_h1731
590 _aCONVERSION
_b10
_c20130109
_lUCH01
_h1304
650 1 4 _aNaranja
_xHidalgo.
_980166
650 1 4 _aNitrógeno
_xEfecto en naranja.
_981450
901 _aBK
942 _cTESIS
949 _bBC
_cTES
_d-15971
_eTS1
_h25413
_i6370
_si
999 _c6175
_d6175